| 000 | 01516nam a22003977a 4500 | ||
|---|---|---|---|
| 003 | CHAP | ||
| 005 | 20220817044521.0 | ||
| 008 | 120419s1987 it rn 00010 eng d | ||
| 010 | _a103092 | ||
| 011 | _a104064 | ||
| 035 | _a114753 | ||
| 040 | _cCHAP | ||
| 082 | 0 | 4 |
_a332.31 _bF21y |
| 110 | 2 | _aFAO | |
| 245 | 1 | 3 |
_aTraining rural bankers _c/editado por R.A.J. Roberts |
| 260 |
_aRoma : _bFAO, _c1987- |
||
| 300 | _av. | ||
| 505 | 0 | _aLa biblioteca tiene : v.1 Savings promotion. -- v.2 Seasonal lending. -- v.3 Medium and long term lending. -- v.4 Arrears control. | |
| 590 |
_aBATCH-UPD _b10 _c20130110 _lUCH01 _h0950 |
||
| 590 |
_aBATCH-UPD _b10 _c20130410 _lUCH01 _h0604 |
||
| 590 |
_aBATCH-UPD _b10 _c20130914 _lUCH01 _h0532 |
||
| 590 |
_aBATCH-UPD _b10 _c20130914 _lUCH01 _h2133 |
||
| 590 |
_aCONVERSION _b10 _c20130109 _lUCH01 _h1357 |
||
| 650 | 1 | 4 |
_aAgricultura _xAspectos económicos. |
| 650 | 1 | 4 |
_aBancos agrícolas. _99898 |
| 650 | 1 | 4 |
_aCrédito agrícola. _929022 |
| 650 | 1 | 4 |
_aDesarrollo rural. _932067 |
| 650 | 1 | 4 |
_aProgramas de capacitación. _992376 |
| 700 | 0 |
_aRoberts, R. A. J. _997934 |
|
| 901 | _aBK | ||
| 942 | _cLIBRO | ||
| 949 |
_a332.31 F21y _bBC _cFAO _d33724002101108 _eFAO1 _fv.3 _gDonaciØn _h116544 _i114753 _sb |
||
| 949 |
_a332.31 F21y _bBC _cFAO _d33724002101149 _eFAO1 _fv.4 _gDonaciØn _h116545 _i114753 _sb |
||
| 949 |
_a332.31 F21y _bBC _cFAO _d33724002101181 _eFAO1 _fv.2 _gDonaciØn _h116527 _i114753 _sb |
||
| 949 |
_a332.31 F21y _bBC _cFAO _d33724002101264 _eFAO1 _fv.1 _gDonaciØn _h116526 _i114753 _sb |
||
| 999 |
_c103092 _d103092 |
||